000 00505nam a2200193Ia 4500
005 20250326142807.0
008 250326s9999 xx 000 0 und d
037 _aTextbook
040 _aFMSL
_beng
_cFMSL
041 _aeng
_2eng
084 _qFMSL
100 _aVan Horne J C
_9735870
245 0 _aFundamentals of ficial management
_cVan Horne J C
250 _aEd 5
260 _aPrentice-Hall
_bPrentice-Hall, of India
_c1984
300 _a632p
942 _cTB
999 _c1296662
_d1296662